000 00289nam a22001097a 4500
082 _a828/SIN
100 _aSing,Krishna Kumar
_981541
245 _aBrighten Your English Writing Skills
260 _aDelhi
_bBook Tree Publishing House
_c2022
650 _aEnglish Writing
_981542
942 _cBK
999 _c65601
_d65601